000 00711nam a2200229Ii 4500
003 JO-AjNU
008 230605s9999||||xx |||||||||||||| ||und||
017 _a11754/2016
020 _a978-997-04-8117-2
040 _aJO-AjNU
_bara
_erda
_cJO-AjNU
041 _aara
050 1 4 _aKZ6310.2017
100 3 _aايوب، رشا فاروق,
_eauthor
_964435
245 0 0 _aالأختصاص الجنائي العالمي
250 _aط1
264 3 1 _aالقاهرة: دار النهضة العربية، 2017
300 _a642ص
336 _atext
_btxt
_2rdacontent
337 _aunmediated
_bn
_2rdamedia
338 _avolume
_bnc
_2rdacarrier
650 4 _aالقانون الدولي الجنائي
_964436
999 _aA29365
_c32933
_d32933